00351nam a22001217a 450000500170000002000220001703500120003903700130005110000200006424500770008426000450016130000230020620120404124818.0 a0195655346c00.00 aB-28156 aDPLbENG aKawashima, Koji aMissionaries and a Hindu state Travancore 1858-1936 /cby Koji Kawashima aNew DelhibOxford University Pressc1998 axi, 252p.c18 cms.